000 00441 a2200169 4500
005 20260310123026.0
008 260310b |||||||| |||| 00| 0 eng d
020 _a9788195639236
040 _cSDCL
041 _2eng
_aeng
084 _aW66 R5
100 _aPatnaik, Prabhat
245 _aBeyond Liberalism :
_bEconomics, Philosophy, Politics
260 _aNew Delhi :
_bTulika Books,
_c2025.
300 _aW66 R5
942 _cTEXL
_2CC
999 _c1672557
_d1672557